Préfectures de France : Rodez - Statistiques

Statistiques générales
  • Ce quiz a été pris 96 fois
    79 depuis la dernière actualisation
  • Le résultat moyen est 15 sur 27
Statistiques - réponses
Question Réponse % Correct
Quel numéro porte celui-ci ? 12
100%
De quel département est-ce la préfecture ? Aveyron
100%
Comment se nomment ses habitants ? Ruthénois | Ruthénoises
96%
La ville appartient à l'académie de Toulouse
96%
Les journaux locaux {Midi}-libre
93%
A quelle région administrative appartient la ville depuis 2015 ? Occitanie
85%
Les couleurs de fond de son blason sont le/l' rouge
81%
Les communes limitrophes sont Onet-le-Château
79%
Quelles sont les sous-préfectures qui en dépendent ? Millau
75%
Les journaux locaux {Centre}-Presse
72%
Les journaux locaux La {Dépêche} du Midi
72%
A quelle région administrative appartenait-elle auparavant ? Midi-Pyrénées
69%
Les communes limitrophes sont Olemps
68%
Quelles sont les sous-préfectures qui en dépendent ? Villefranche-de-Rouergue
63%
Les communes limitrophes sont Le Monastère
54%
La ville appartient au diocèse de/d' Rodez | Vabres
50%
Les couleurs de fond de son blason sont le/l' bleu
44%
Ville européenne jumelée avec la ville Bamberg
40%
La ville est entourée par les Grands {Causses}
40%
La ville est desservie par la route nationale 88
37%
La ville est l'ancienne capitale de la province de/du Rouergue
37%
Les communes limitrophes sont Sainte-Radegonde
32%
La cathédrale est consacrée à Notre-Dame | Vierge
28%
La ville est entourée par les collines du {Ségala}
12%
La cité de la ville est inscrite aux {Monuments Historiques}
10%
La gare a été mise en service en 1860
7%
Les communes limitrophes sont Druelle-Balsac
3%
Aucun quiz correspondant
Distribution des résultats
% des personnes avec chaque résultat
Percentile par nombre de réponses
Votre historique - résultats
Vous n’avez pas pris ce quiz depuis la dernière actualisation